00741nam a22001937a 450000500170000002000230001703500120004003700130005210000310006524501440009625000120024026000410025230000270029370000290032070000300034994200280037999900170040795201230042420120525134115.0 a8171942520c235.00 aB-42547 aDPLbENG aSinghania, Vinod K.947910 aTaxmann's direct taxes planning and management :bFor B.Com, M.Com, CFA, MCA /cby Vinod K. Singhania, Kapil Singhania and Monica Singhania a5th ed. aNew DelhibTaxman Publicationsc2001 avarious pagesc20 cms. aSinghania, Kapil 947911 aSinghania, Monica 947912 2ddccENh343.54052mSIN c67157d67157 001040708NFICaZLSbZLSd2012-05-25g235.00l0o343.54052 SINpB-42547r2012-05-25 00:00:00v235.00w2012-05-25yEN